1155 1832 1479 1382 1617 1297 1561 1918 1318 1117 1946 1137 1513 1692 1810 1187 1363 1810 1633 1712 1581 1341 1011 1826 1785 1891 1323 1651 1375 1131 1458 1149 1337 1663 1151 1221 1383 1874 1820 1724 1643 1335 1642 1802 1328 1202 1251 1608 1311 1558 1646 1195 1341 1423 1769 1766 1762 1378 1087 1422 1112 1202 1976 1952 1081 1750 1290 1756 1013 1792 1327 1193 1658 1493 1751 1161 1538 1227 1173 1800 1690 1982 1495 1611 1916 1290 1960 1331 1054 1363 1739 1669 1888 1791 1076 1315 1140 1747 1033 BCNSPRNW ULIB Ver.6.0+V

เปลี่ยนเป็นภาษาไทย

Change to English
 แสดงรายละเอียดบรรณานุกรม
  กลับหน้าหลัก

Brief Record : Get Marc (ISO 2709) : E-mail record : QR code < ปิดหน้าต่าง
LEADER : 00000nam a2200000Ia 4500
001    13399114124
003     ULIB
008    110820s2554 th a 001 0 tha d
020    ^a9786167375076
060 04 ^aWB330^bก449
110 1  ^aมหาวิทยาลัยสงขลานครินทร์. ^bคณะแพทยศาสตร์
245 00 ^aการใช้ยาในการบริการปฐมภูมิ =^bDrug use in primary care. /^cธนิษฐา ศิริรักษ์
246 31 ^aDrug use in primary care
250    ^aพิมพ์ครั้งที่ 2
260    ^aสงขลา :^bคณะแพทยศาสตร์ มหาวิทยาลัยสงขลานครินทร์,^c2554
300    ^a(9), 259 หน้า :^bภาพประกอบ ;^c26 ซม.
504    ^aมีบรรณานุกรมและดรรชนี
650  4 ^aการใช้ยา
700 0  ^aธนิษฐา ศิริรักษ์,^eบรรณาธิการ
700 0  ^aปิยะดา กองกมล,^eบรรณาธิการ
945    ^p380^l0^i18763
945    ^p380^l0^i18764
995    ^a เกษร
999 ^a ใช้งานได้ทุกระบบ
รายการนี้ยังไม่มีแท็ก
คุณยังไม่ได้ล็อกอิน คุณสามารถมีกิจกรรมร่วมกับเว็บไซต์ได้ แต่ต้องล็อกอินก่อน ::
  ล็อกอิน

รายการสื่อสารสนเทศ

ลำดับที่ ประเภท เลขเรียก/บาร์โค้ด สถานที่ สถานะ
1. วิทยาศาสตร์การแพทย์ และสุขภาพ
วิทยาศาสตร์การแพทย์ และสุขภาพ
สถานะ=หนังสือเก่า
WB330 ก449 ฉ.1 
  Barcode: 18763
ห้องสมุดวิทยาเขตนครสวรรค์
►ส่วนจัดเก็บหนังสือเก่า นว.
บนชั้น
  ขอยืม
2. วิทยาศาสตร์การแพทย์ และสุขภาพ
วิทยาศาสตร์การแพทย์ และสุขภาพ
สถานะ=หนังสือเก่า
WB330 ก449 ฉ.2 
  Barcode: 18764
ห้องสมุดวิทยาเขตนครสวรรค์
►ส่วนจัดเก็บหนังสือเก่า นว.
บนชั้น
  ขอยืม

รายการใกล้เคียง
    หัวเรื่อง [การใช้ยา]

BibComment


ยังไม่เคยถูกคอมเมนท์

คอมเมนท์ทรัพยากรรายการนี้
  คอมเมนท์: การใช้ยาในการบริ..


 Copyright 2026. Bcnsprnw @Library